LEADER 01224nam--2200397---450- 001 990002911610203316 005 20070426152624.0 010 $a88-8325-121-0 035 $a000291161 035 $aUSA01000291161 035 $a(ALEPH)000291161USA01 035 $a000291161 100 $a20070426d2005----km-y0itay50------ba 101 $aita 102 $aIT 105 $a||||||||001yy 200 1 $aGuida letteraria di Capri$fStefanie Sonnentag$gtraduzione di Stefano Chiuchiarelli 210 $aNapoli$cL' ancora del Mediterraneo$d[2005] 215 $a165 p.$cill.$d24 cm 300 $aCon 110 illustrazioni tra ritratti, foto d'epoca, inediti d'archivio e paesaggi, 7 tra mappe e cartine 410 0$12001 454 1$12001 461 1$1001-------$12001 607 0 $aCapri$xGuide 676 $a914.504 700 1$aSONNENTAG,$bStefanie$0596852 702 1$aCHIUCHIARELLI,$bStefano 801 0$aIT$bsalbc$gISBD 912 $a990002911610203316 951 $aIII.2. 1252$b193256 LM$cIII.2.$d00214652 959 $aBK 969 $aUMA 979 $aSENATORE$b90$c20070426$lUSA01$h1521 979 $aSENATORE$b90$c20070426$lUSA01$h1526 996 $aGuida letteraria di Capri$9988487 997 $aUNISA LEADER 02224nam 2200373 450 001 9910132731303321 005 20240207040129.0 010 $a1-4123-7090-6 024 7 $a10.1522/030163240 035 $a(CKB)3680000000166253 035 $a(NjHacI)993680000000166253 035 $a(EXLCZ)993680000000166253 100 $a20240207d2009 uy 0 101 0 $afre 135 $aur||||||||||| 181 $ctxt$2rdacontent 182 $cc$2rdamedia 183 $acr$2rdacarrier 200 10$aAnalyse anthropologique et e?thique des conflits de valeurs en promotion de la sante? /$fRaymond Masse? 210 1$aChicoutimi, Quebec :$cJ.-M. Tremblay,$d2009. 215 $a1 online resource 327 $aIntroduction -- La sante? publique comme nouvelle moralite? et entreprise d'acculturation -- La sante? publique comme strate?gie de rechange au contro?le religieux des de?viances -- Un contexte socie?tal fertile -- La sante? publique comme culture et entreprise d'acculturation -- Les fondements du pouvoir de la me?decine pre?ventive -- Les enjeux e?thiques dans la pratique de la sante? publique au Que?bec -- Les enjeux e?thiques lie?s a? l'autonomie de la personne -- Les enjeux e?thiques lie?s aux valeurs de justice sociale -- Les enjeux e?thiques lie?s a? la bienfaisance et a? la non-malfaisance -- Bilan critique de l'application de l'approche par principes en sante? publique -- Le principe d'incertitude. E?loge de l'incertitude cre?atrice -- Le principe de la responsabilite? partage?e -- Les limites de la responsabilite? de l'autre -- Conclusion -- Pour une e?thique de la complexite? -- Re?fe?rences bibliographiques -- De?bat. Quelques questions e?thiques sur la production et l'utilisation des donne?es scientifiques. 606 $aHealth promotion$xEvaluation 606 $aHealth behavior 615 0$aHealth promotion$xEvaluation. 615 0$aHealth behavior. 676 $a362.1 700 $aMasse?$b Raymond$01340244 801 0$bNjHacI 801 1$bNjHacl 906 $aBOOK 912 $a9910132731303321 996 $aAnalyse anthropologique et e?thique des conflits de valeurs en promotion de la sante?$93908678 997 $aUNINA LEADER 01654nas 2200469- 450 001 9910881396803321 005 20241121213016.0 011 $a2831-316X 035 $a(OCoLC)1302758083 035 $a(CKB)5720000000064220 035 $a(CONSER)--2022200445 035 $a(DE-599)ZDB3165680-8 035 $a(EXLCZ)995720000000064220 100 $a20220310a20239999 --- a 101 0 $aeng 135 $aur||||||||||| 181 $ctxt$2rdacontent 182 $cc$2rdamedia 183 $acr$2rdacarrier 200 00$aIEEE transactions on machine learning in communications and networking 210 1$aPiscataway, New Jersey :$cIEEE,$d2023- 517 1 $aTransactions on machine learning in communications and networking 531 0 $aIEEE trans. mach. learn. commun. netw. 606 $aMachine-to-machine communications$vPeriodicals 606 $aMachine learning$vPeriodicals 606 $aComputer networks$vPeriodicals 606 $aComputer networks$2fast$3(OCoLC)fst00872297 606 $aMachine learning$2fast$3(OCoLC)fst01004795 606 $aMachine-to-machine communications$2fast$3(OCoLC)fst01894432 608 $aPeriodicals.$2fast 615 0$aMachine-to-machine communications 615 0$aMachine learning 615 0$aComputer networks 615 7$aComputer networks. 615 7$aMachine learning. 615 7$aMachine-to-machine communications. 676 $a004.6 712 02$aInstitute of Electrical and Electronics Engineers, 906 $aJOURNAL 912 $a9910881396803321 996 $aIEEE transactions on machine learning in communications and networking$94210086 997 $aUNINA